Reflets 2 : méthode de Français avec vidéo intégrée

التفاصيل البيبلوغرافية
المؤلف الرئيسي: Capelle G. Guy
مؤلفون آخرون: Gidon N. Noelle
اللغة:الفرنسية
منشور في: Paris, Hachette Livre, 2000
الموضوعات:
التنسيق: كتاب
KOHA link:https://koha.lib.tpu.ru/cgi-bin/koha/opac-detail.pl?biblionumber=333748

MARC

LEADER 00000nam0a2200000 4500
001 333748
005 20231102004603.0
010 |a 9782011551207 
035 |a (RuTPU)RU\TPU\book\359761 
035 |a RU\TPU\book\359760 
090 |a 333748 
100 |a 20170623d2000 m y0frey50 ba 
101 0 |a fre 
102 |a FR 
105 |a a j 000zy 
200 1 |a Reflets 2 : méthode de Français avec vidéo intégrée  |f G. Capelle, N. Gidon 
210 |a Paris  |c Hachette Livre  |d 2000 
215 |a 191 р.  |c il. 
606 1 |a Французский язык  |x Учебные руководства и пособия для вузов  |2 stltpush  |3 (RuTPU)RU\TPU\subj\16836  |9 42736 
610 1 |a лексика 
610 1 |a грамматика 
610 1 |a разговорная речь 
610 1 |a упражнения 
686 |a Ш147.11-923  |v LBC/SL-A  |2 rubbk 
700 1 |a Capelle  |b G.  |g Guy 
701 1 |a Gidon  |b N.  |g Noelle 
801 0 |a RU  |b 63413507  |c 20011209  |g PSBO 
801 2 |a RU  |b 63413507  |c 20221209  |g PSBO 
942 |c BK